Иноязычная научно-исследовательская компетенция: понятие, роль и место в техническом вузе; Язык. Общество. Образование

Podrobná bibliografie
Parent link:Язык. Общество. Образование.— 2022.— [С. 172-176]
Hlavní autor: Бабаева И. А.
Korporativní autor: Национальный исследовательский Томский политехнический университет Школа базовой инженерной подготовки Отделение иностранных языков
Další autoři: Гончарова Л. А. Любовь Анатольевна (научный руководитель)
Shrnutí:Заглавие с экрана
В данной статье рассматривается понятие иноязычной научно-исследовательской компетенции, ее место в техническом вузе. Актуальность данной статьи заключается в том, что студенты-магистры представляют часть ВКР на иностранном языке. Представленные виды компетенций связаны с развитием иноязычной научно-исследовательской компетенции.
Jazyk:ruština
Vydáno: 2022
Edice:Традиции и инновации в методике обучения иностранным языкам
Témata:
On-line přístup:http://earchive.tpu.ru/handle/11683/74246
Médium: Elektronický zdroj Kapitola
KOHA link:https://koha.lib.tpu.ru/cgi-bin/koha/opac-detail.pl?biblionumber=635274

MARC

LEADER 00000naa2a2200000 4500
001 635274
005 20231101133844.0
035 |a (RuTPU)RU\TPU\conf\37120 
035 |a RU\TPU\conf\37119 
090 |a 635274 
100 |a 20221220d2022 k y0rusy50 ca 
101 0 |a rus 
102 |a RU 
105 |a y z 101zy 
135 |a drgn ---uucaa 
181 0 |a i  
182 0 |a b 
200 1 |a Иноязычная научно-исследовательская компетенция: понятие, роль и место в техническом вузе  |f И. А. Бабаева  |g науч. рук. Л. А. Гончарова 
203 |a Текст  |c электронный 
225 1 |a Традиции и инновации в методике обучения иностранным языкам 
230 |a 1 компьютерный файл (pdf; 769 Kb) 
300 |a Заглавие с экрана 
320 |a [Библиогр.: с. 175-176 (4 назв.)] 
330 |a В данной статье рассматривается понятие иноязычной научно-исследовательской компетенции, ее место в техническом вузе. Актуальность данной статьи заключается в том, что студенты-магистры представляют часть ВКР на иностранном языке. Представленные виды компетенций связаны с развитием иноязычной научно-исследовательской компетенции. 
463 0 |0 (RuTPU)RU\TPU\conf\37057  |t Язык. Общество. Образование  |o сборник научных трудов III Международной научно-практической конференции "Лингвистические и культурологические аспекты современного инженерного образования", Томск, 10-12 ноября 2022 г.  |f Национальный исследовательский Томский политехнический университет (ТПУ); гл. ред. Ю. В. Кобенко  |v [С. 172-176]  |d 2022 
610 1 |a электронный ресурс 
610 1 |a труды учёных ТПУ 
610 1 |a профессиональные компетенции 
610 1 |a персональные компетенции 
610 1 |a технические вузы 
610 1 |a обучение 
610 1 |a иноязычная компетентность 
610 1 |a магистранты 
610 1 |a иностранные языки 
700 1 |a Бабаева  |b И. А. 
702 1 |a Гончарова  |b Л. А.  |c лингвист  |c доцент Томского политехнического университета, кандидат педагогических наук  |f 1982-  |g Любовь Анатольевна  |2 stltpush  |4 727 
712 0 2 |a Национальный исследовательский Томский политехнический университет  |b Школа базовой инженерной подготовки  |b Отделение иностранных языков  |h 8029  |2 stltpush  |3 (RuTPU)RU\TPU\col\23510 
801 2 |a RU  |b 63413507  |c 20221226  |g RCR 
856 4 |u http://earchive.tpu.ru/handle/11683/74246 
942 |c BK